| 000 | 00856nam a22001577a 4500 | ||
|---|---|---|---|
| 003 | OSt | ||
| 005 | 20150919143043.0 | ||
| 008 | 150919b xxu||||| |||| 00| 0 eng d | ||
| 040 | _cRUA | ||
| 082 | _aAGR LEK 2004 B030 Or.1 | ||
| 100 |
_9870 _aLEK, KOSAL. |
||
| 245 | _apotential and constaints in integration of green manure into system of rice intensification ( case study in tramkak district, takeo province) (សក្តានុពល និង កត្តារារាំងក្នុងការបញ្ជូលដំណាំជីស្រស់នៅក្នុងប្រព័ន្ធប្រពលវប្បកម្មស្រូវ (ករណីសិក្សាស្រុកត្រាំកក់ ខេត្តតាកែវ) ) | ||
| 260 |
_aPhnom Penh _bRUA _c2004 |
||
| 300 |
_a43p. _bill. _c29cm. |
||
| 942 |
_2ddc _cAGR |
||
| 999 |
_c838 _d838 |
||